00792 a2200217 4500999001500000010001400015020002300029035001300052037001500065082001500080245008200095250001100177260004500188270006200233300002700295490005700322500001900379700002400398942003500422952011700457 c8223d8223 aENG-88351 c345.00a0195690893 aEN-71884 bDBAD / PUB00a954.00869410aSubordinate and marginal groups in early India/cedited by Aloka Parasher-Sen a2nd ed aNew DelhibOxford University Pressc2007 bNew Delhie110 001aYMCA Library Building, Jai Singh Road axi, 480p.c22cm (pbk) aOxford in India Readings - Themes in Indian history) aIncludes index aParasher-Sen, Aloka adplcEN2ddch954.008694 mSUB 001040718NFICaDBADbDBADeDBAD/PUBg345.00l0o954.008694 SUBpEN-71884r2008-09-15 00:00:00t1v345.00yEN